000
00310nam a22001337a 4500
008
171016b xxu||||| |||| 00| 0 eng d
020
_a
9780030189593
041
_a
eng
080
_a
33
100
_a
52
101
_a
EKO
245
_a
A NEW VIEW OF COMPARATIVE ECONOMIC SYSTEMS
_c
KENNETT,D
942
_2
udc
_c
BK
999
_c
34013
_d
34013